000 00564cam5a220018100 4500
005 20190819105812.0
008 030909
020 _a093536840x
035 _a(Sirsi) a152265
050 0 _aQP141
_bPRE 1984
245 1 0 _aPresent knowledge in nutrition /
_cedited by Robert E. Olson, et`al.
250 _a5th ed.
260 _aWashington, D.C.:
_bNutrition Foundation,
_c1984.
350 _a100
440 0 _aNutrition reviews`
_6S22813.1
504 _aIncludes bibliographical references and index
650 0 _aNutrition
_6S855.1
999 _c105136
_d105136